| 000 | 00740nam a2200217 a 4500 | ||
|---|---|---|---|
| 001 | 000978275 | ||
| 003 | AM-YeHGA | ||
| 005 | 20250617150202.0 | ||
| 008 | 130813s1974 ||| r 000 0 rus d | ||
| 040 | _aAM-YeHGA | ||
| 041 | 0 | _arus | |
| 100 | 1 | _aЗиганшин, Абдулла Абдрахманович | |
| 245 | 1 | 0 |
_aОзимая рожь в лесостепи / _cА.А. Зиганшин, Л.Р. Шарифуллин. |
| 260 |
_aМосква : _bРоссельхозиздат, _c1974. |
||
| 300 |
_a141 с. : _bил. |
||
| 504 | _aБиблиогр.: с. 140 | ||
| 653 | 0 | _aПолевые культуры | |
| 653 | 0 | _aРожь озимая | |
| 700 | 1 | _aШарифуллин, Лев Равилович | |
| 090 | _c327860 | ||
| 999 |
_c326113 _d326113 |
||